| 000 | 01057cam a22003257a 4500 | ||
|---|---|---|---|
| 003 | CHAP | ||
| 005 | 20220329142611.0 | ||
| 008 | 020327d2000 uk a r 00110 eng d | ||
| 010 | _a85528 | ||
| 011 | _a86500 | ||
| 020 | _a0 85199 421 0 | ||
| 035 | _a97038 | ||
| 040 | _cCHAP | ||
| 082 | 0 | 4 |
_a595.13 _bA5 2000 |
| 100 | 0 | 0 |
_aAnderson, R.C. _95608 |
| 245 | 1 | 0 |
_aNematode parasities of vertebrates : _btheir development and transmission _c/by R.C. Anderson |
| 250 | _a2 ed. | ||
| 260 |
_aOxon, U:K: : _bCAB International, _c2000. |
||
| 300 |
_a650 p. : _bilus. |
||
| 590 |
_aBATCH-UPD _b10 _c20130110 _lUCH01 _h0505 |
||
| 590 |
_aBATCH-UPD _b10 _c20130410 _lUCH01 _h0143 |
||
| 590 |
_aBATCH-UPD _b10 _c20130914 _lUCH01 _h0327 |
||
| 590 |
_aCONVERSION _b10 _c20130109 _lUCH01 _h1347 |
||
| 650 | 1 | 4 |
_aNemátodos parásitos de vertebrados. _980840 |
| 650 | 1 | 4 |
_aNemátodos parásitos. _980826 |
| 901 | _aBK | ||
| 905 | _aMayto Villalobos S. | ||
| 942 | _cLIBRO | ||
| 949 |
_a595.13 A5 2000 _bBC _cLIBRO _d33724000865820 _eLIBRO _gI. 212375 _h102227 _i97038 _si _t$1.917 |
||
| 999 |
_c85528 _d85528 |
||